[Event "World Rapid 2023"]
[Site "Samarkand UZB"]
[Date "2023.12.27"]
[EventDate "2023.12.26"]
[Round "9.34"]
[Result "1/2-1/2"]
[White "Chongsheng Zeng"]
[Black "Yuriy Kuzubov"]
[WhiteElo "2577"]
[BlackElo "2613"]
[PlyCount "342"]

1. d4 Nf6 2. c4 e6 3. g3 d5 4. Nf3 Bb4+ 5. Bd2 Be7 6. Bg2 O-O 7. O-O c6 8. Qc2
Nbd7 9. Bf4 b6 10. Rd1 Bb7 11. Ne5 Nh5 12. Bd2 Nhf6 13. cxd5 cxd5 14. Nc6 Bxc6
15. Qxc6 a6 16. Qc2 b5 17. Qd3 Nb6 18. e3 Nc4 19. Bc1 Bd6 20. Nc3 Qe7 21. b3 Nb6
22. a4 b4 23. Ne2 Qb7 24. Bd2 Nbd7 25. Rac1 Rfc8 26. Be1 a5 27. f3 g6 28. Bf2
Rxc1 29. Rxc1 Rc8 30. Qd1 Kf8 31. g4 Ke8 32. h4 Rxc1 33. Nxc1 Qc7 34. Nd3 Bg3
35. Bxg3 Qxg3 36. Qc2 Ke7 37. Qc6 Nxg4 38. fxg4 Qxe3+ 39. Nf2 Qxd4 40. Qc7 Qc5
41. Qb7 Kd6 42. Bf1 Qb6 43. Qc8 Qc7 44. Qh8 Qc3 45. Qd8 Qg3+ 46. Bg2 Qxb3 47.
Qxa5 Qc4 48. Bf1 Qc5 49. Qa6+ Qb6 50. Qd3 b3 51. Qg3+ Ke7 52. Bb5 Nc5 53. Bd3
Nxa4 54. Qe5 Nc5 55. Qd4 Nd7 56. Qb2 e5 57. Kf1 Kd6 58. Ke2 Nc5 59. Qa3 b2 60.
Bb1 e4 61. Qc3 Ne6 62. g5 Qd4 63. Qg3+ Ke7 64. Qa3+ Ke8 65. Qa8+ Ke7 66. Qa3+
Kd7 67. Qe3 Qxe3+ 68. Kxe3 Ng7 69. Kf4 Ke6 70. Ng4 Nf5 71. Nf6 Nxh4 72. Ba2 Kd6
73. Nxh7 Ng2+ 74. Kg3 Ne3 75. Nf6 Ke5 76. Nd7+ Kf5 77. Nb6 Kxg5 78. Na4 Nc4 79.
Nc3 Nd2 80. Bxd5 b1=Q 81. Nxb1 Nxb1 82. Bxf7 Nc3 83. Be8 Kf5 84. Bd7+ Ke5 85.
Be8 g5 86. Bf7 Kf5 87. Bc4 e3 88. Bd3+ Ke5 89. Kg4 Ne4 90. Ba6 Kd4 91. Be2 Kc3
92. Bf3 Kd3 93. Kf5 Nd2 94. Bg4 Ne4 95. Bf3 Kd4 96. Bg4 Nf2 97. Be2 g4 98. Kf4
Nd3+ 99. Kxg4 Kc3 100. Kf5 Kd2 101. Bh5 Nb4 102. Ke4 Nc2 103. Bg4 Na1 104. Bh5
Nb3 105. Bg4 Nc5+ 106. Kd4 Nd7 107. Bf3 Nf8 108. Bh5 Nh7 109. Bg4 Ng5 110. Bh5
Nh3 111. Bg4 Ng1 112. Ke4 Ne2 113. Bf3 Ng3+ 114. Kf4 Nf1 115. Ke4 Ke1 116. Kd3
Kf2 117. Bd1 Nd2 118. Be2 Nf3 119. Bd1 Ng1 120. Ke4 Ne2 121. Kd3 Ng3 122. Kd4
Nf5+ 123. Kd3 Ne7 124. Ke4 Nc6 125. Bh5 Nb4 126. Bd1 Nc2 127. Kd3 Ne1+ 128. Ke4
Ng2 129. Kd3 Nf4+ 130. Ke4 Ne2 131. Kd3 Nc1+ 132. Kc2 Na2 133. Kd3 Nb4+ 134. Ke4
Nc2 135. Kd3 Ne1+ 136. Ke4 Ng2 137. Kd3 Ke1 138. Bf3 Kf2 139. Bd1 Nh4 140. Ke4
Ng6 141. Kd3 Ne5+ 142. Ke4 Nc4 143. Kd4 Nb6 144. Kd3 Na4 145. Kd4 Nb6 146. Kd3
Nd5 147. Kd4 Nb4 148. Ke4 Nc2 149. Kd3 Ne1+ 150. Ke4 Ng2 151. Kd3 Nf4+ 152. Ke4
Ne6 153. Kd3 Nc7 154. Ke4 Nb5 155. Kd3 Nd6 156. Kd4 Nf5+ 157. Ke4 Ng3+ 158. Kd3
Nf1 159. Be2 Nh2 160. Bd1 Nf3 161. Ke4 Ne1 162. Kd4 Nc2+ 163. Kd3 Nb4+ 164. Ke4
Na6 165. Kd4 Nc7 166. Ke4 Ne6 167. Kd3 Nc5+ 168. Kd4 Na4 169. Bh5 Nb2 170. Bg4
Na4 171. Bh5 e2 1/2-1/2

[Event "World Rapid 2023"]
[Site "Samarkand UZB"]
[Date "2023.12.27"]
[EventDate "2023.12.26"]
[Round "9.35"]
[Result "1/2-1/2"]
[White "Hans Moke Niemann"]
[Black "Nikita Petrov"]
[WhiteElo "2667"]
[BlackElo "2561"]
[PlyCount "138"]

1. e4 e5 2. Nf3 Nc6 3. Bb5 a6 4. Ba4 Bc5 5. c3 Nge7 6. d4 exd4 7. Nxd4 O-O 8.
Be3 Nxd4 9. cxd4 Bb4+ 10. Nc3 d5 11. f3 c5 12. dxc5 Qa5 13. O-O Bxc5 14. Bxc5
Qxc5+ 15. Kh1 Be6 16. Bb3 Rad8 17. Qc1 d4 18. Nd5 Qd6 19. Rd1 Bxd5 20. Bxd5 Nxd5
21. Rxd4 Qb6 22. Rxd5 Rxd5 23. exd5 Qd4 24. Qd1 Qxb2 25. Rb1 Qxa2 26. Rxb7 Re8
27. h3 Qf2 28. d6 Re1+ 29. Kh2 h5 30. Qd3 Qg1+ 31. Kg3 Re8 32. Qf5 h4+ 33. Kxh4
Qf2+ 34. g3 Qd4+ 35. f4 Rf8 36. Qe5 Qd3 37. f5 Qd2 38. d7 f6 39. Qf4 Qxf4+ 40.
gxf4 Rd8 41. Ra7 Kf7 42. Kh5 a5 43. h4 a4 44. Kg4 a3 45. h5 Kg8 46. h6 gxh6 47.
Kh5 Kh7 48. Rxa3 Rxd7 49. Ra6 Kg7 50. Ra2 Kh7 51. Re2 Ra7 52. Re6 Kg7 53. Kg4
Rb7 54. Re1 Ra7 55. Rg1 Kf7 56. Rc1 Kg7 57. Rc2 Rb7 58. Rg2 Kf7 59. Rc2 Kg7 60.
Kh5 Kh7 61. Rc6 Kg7 62. Rc1 Kh7 63. Ra1 Rc7 64. Kg4 Kg7 65. Rg1 Kf7 66. Rg2 Rb7
67. Rg3 Ra7 68. Rb3 Kg7 69. Kh5 Kh7 1/2-1/2

[Event "World Rapid 2023"]
[Site "Samarkand UZB"]
[Date "2023.12.27"]
[EventDate "2023.12.26"]
[Round "9.36"]
[Result "1/2-1/2"]
[White "Sandipan Chanda"]
[Black "Anton Smirnov"]
[WhiteElo "2486"]
[BlackElo "2586"]
[PlyCount "88"]

1. d4 d5 2. Nf3 Nf6 3. Bf4 c5 4. e3 Nc6 5. h3 e6 6. Bd3 Bd6 7. dxc5 Bxc5 8. O-O
O-O 9. Nc3 Re8 10. e4 e5 11. Bg5 dxe4 12. Bxf6 Qxf6 13. Nxe4 Qe7 14. Nxc5 Qxc5
15. Re1 f6 16. Nh4 g6 17. Qf3 Kg7 18. Qg3 Ne7 19. Kh1 Be6 20. f4 exf4 21. Qxf4
Nd5 22. Qf3 Bf7 23. c3 Re3 24. Rxe3 Qxe3 25. Qxe3 Nxe3 26. Re1 Re8 27. c4 f5 28.
g3 Kf6 29. Kg1 g5 30. Nxf5 Nxf5 31. Rf1 Re5 32. g4 Bg6 33. Kg2 Ke6 34. gxf5+
Bxf5 35. Bxf5+ Rxf5 36. Rd1 Ra5 37. a3 Ra4 38. c5 Rc4 39. b4 Rc2+ 40. Kg3 h5 41.
Rd6+ Ke5 42. Rd7 Rc3+ 43. Kg2 Rc2+ 44. Kg3 Rc3+ 1/2-1/2

[Event "World Rapid 2023"]
[Site "Samarkand UZB"]
[Date "2023.12.27"]
[EventDate "2023.12.26"]
[Round "9.37"]
[Result "1-0"]
[White "Ediz Gurel"]
[Black "Henriquez Villagra, Cristobal"]
[WhiteElo "2560"]
[BlackElo "2607"]
[PlyCount "100"]

1. e4 c6 2. d4 d5 3. Nc3 dxe4 4. Nxe4 Nd7 5. Nf3 Ngf6 6. Nxf6+ Nxf6 7. c3 Bg4 8.
h3 Bh5 9. Be2 e6 10. O-O Bd6 11. c4 Qc7 12. Be3 O-O 13. Rc1 Rad8 14. Qb3 Rd7 15.
Rfd1 Qb8 16. g4 Bg6 17. Ne5 Rdd8 18. f4 c5 19. Bf1 cxd4 20. Bxd4 Nd7 21. Qe3
Nxe5 22. fxe5 Be7 23. Bg2 b6 24. Kh1 Qc7 25. Qe2 Bg5 26. Rc3 Rd7 27. c5 Qd8 28.
Qf2 bxc5 29. Rxc5 Bh4 30. Qe3 Qb8 31. g5 Rfd8 32. Rc4 Rc8 33. Rxc8+ Qxc8 34. Qf4
Bc2 35. Rd2 Be1 36. Re2 Ba5 37. Qc1 Rc7 38. Qe3 Bf5 39. Kh2 a6 40. a3 Rc2 41. b4
Bd8 42. Rxc2 Qxc2 43. h4 h6 44. gxh6 Bxh4 45. hxg7 Kxg7 46. Qf4 Be7 47. Qf2 Qc7
48. Bf1 a5 49. b5 Bxa3 50. Qg3+ 1-0

[Event "World Rapid 2023"]
[Site "Samarkand UZB"]
[Date "2023.12.27"]
[EventDate "2023.12.26"]
[Round "9.38"]
[Result "1-0"]
[White "Mukhiddin Madaminov"]
[Black "Raunak Sadhwani"]
[WhiteElo "2494"]
[BlackElo "2654"]
[PlyCount "112"]

1. e4 e5 2. Nf3 Nc6 3. Bb5 a6 4. Ba4 Nf6 5. O-O Be7 6. Re1 b5 7. Bb3 d6 8. c3
O-O 9. h3 Nd7 10. d4 exd4 11. cxd4 Na5 12. Bc2 c5 13. Nbd2 Nc6 14. d5 Nb4 15.
Bb1 a5 16. Nf1 Bf6 17. Ne3 Nb6 18. Ng4 Bxg4 19. hxg4 g6 20. Qe2 c4 21. a3 Na6
22. Be3 Re8 23. Nd4 Qd7 24. Qf3 Bg7 25. Bc2 Nc5 26. Nc6 Nba4 27. Rab1 Qc7 28. g3
b4 29. axb4 axb4 30. Nxb4 Nxb2 31. Kg2 c3 32. Nc6 Ncd3 33. Rh1 Ne5 34. Nxe5 Bxe5
35. Bg5 f6 36. Bxf6 Rf8 37. g5 Nc4 38. Qg4 Bxf6 39. Qe6+ Qf7 40. gxf6 Ra7 41.
Rb3 Re8 42. Qxf7+ Rxf7 43. Rxc3 Ne5 44. Bd1 Nd7 45. Ba4 Ref8 46. Bxd7 Rxd7 47.
Rc6 h5 48. Rb1 Kf7 49. Rbb6 Rfd8 50. f4 Kxf6 51. e5+ Ke7 52. e6 Ra7 53. Kh3 g5
54. fxg5 Rg8 55. Kh4 Rh8 56. Rxd6 1-0

[Event "World Rapid 2023"]
[Site "Samarkand UZB"]
[Date "2023.12.27"]
[EventDate "2023.12.26"]
[Round "9.39"]
[Result "1-0"]
[White "Evgeniy Najer"]
[Black "V Pranav"]
[WhiteElo "2663"]
[BlackElo "2611"]
[PlyCount "88"]

1. e4 c6 2. d4 d5 3. e5 Bf5 4. Nf3 e6 5. Be2 c5 6. O-O Nc6 7. c3 Bg6 8. Be3 Nh6
9. dxc5 Nf5 10. Bd4 Be7 11. Nbd2 O-O 12. Nb3 Rc8 13. h3 f6 14. exf6 gxf6 15. Qd2
e5 16. Be3 Qd7 17. Rad1 Rcd8 18. Nc1 Kh8 19. b4 Qe6 20. Nb3 Rg8 21. Kh1 a6 22.
Rfe1 Qf7 23. Rg1 Rge8 24. Qc1 Bf8 25. Bd2 Qe6 26. Rge1 Qf7 27. Qb2 Be7 28. a4 e4
29. Nfd4 Ncxd4 30. Nxd4 Rg8 31. Bf4 Rde8 32. c4 dxc4 33. Qc3 Nxd4 34. Rxd4 Qg7
35. Bxc4 Bf7 36. g3 Bg6 37. Bxg8 Qxg8 38. Rdxe4 Qd5 39. Qc4 Qd7 40. Kg2 b5 41.
axb5 axb5 42. Qe6 Qd3 43. c6 Bxb4 44. Qxf6+ 1-0

[Event "World Rapid 2023"]
[Site "Samarkand UZB"]
[Date "2023.12.27"]
[EventDate "2023.12.26"]
[Round "9.40"]
[Result "1/2-1/2"]
[White "Maksim Tsaruk"]
[Black "M Amin Tabatabaei"]
[WhiteElo "2460"]
[BlackElo "2692"]
[PlyCount "114"]

1. e4 c5 2. Nf3 d6 3. d4 cxd4 4. Nxd4 Nf6 5. Nc3 a6 6. g3 e5 7. Nb3 Be7 8. Bg2
O-O 9. a4 b6 10. O-O Nbd7 11. Nd2 Bb7 12. Nc4 Nc5 13. Re1 h6 14. a5 b5 15. Nb6
Rb8 16. Ncd5 Nxd5 17. Nxd5 Bg5 18. h4 Bxc1 19. Rxc1 Bxd5 20. Qxd5 b4 21. Rcd1
Qxa5 22. Qxd6 b3 23. c3 Qb6 24. Qxe5 Rfe8 25. Qd4 a5 26. e5 a4 27. Bd5 Re7 28.
Qc4 Qb5 29. Qxb5 Rxb5 30. Bc4 Rb8 31. Rd4 a3 32. bxa3 b2 33. Rb1 Rxe5 34. Bf1
Re4 35. Rb4 Rexb4 36. axb4 Na4 37. Bd3 Rd8 38. Bc2 Nxc3 39. Rxb2 g5 40. hxg5
hxg5 41. b5 Rb8 42. b6 Kf8 43. b7 Ke7 44. Kg2 Kd6 45. Bf5 Nd5 46. Kf3 Ke5 47.
Rb5 Kd4 48. Rxd5+ Kxd5 49. Bc8 f6 50. Kg4 Ke4 51. f3+ Ke3 52. Kf5 Kxf3 53. g4
Kg3 54. Kxf6 Rxb7 55. Bxb7 Kxg4 56. Bc8+ Kf3 57. Kxg5 1/2-1/2

[Event "World Rapid 2023"]
[Site "Samarkand UZB"]
[Date "2023.12.27"]
[EventDate "2023.12.26"]
[Round "9.41"]
[Result "1-0"]
[White "Alan Pichot"]
[Black "Matvey Galchenko"]
[WhiteElo "2651"]
[BlackElo "2438"]
[PlyCount "82"]

1. e4 e6 2. d4 d5 3. Nc3 Bb4 4. Ne2 Nf6 5. e5 Nfd7 6. f4 O-O 7. g3 b6 8. Bg2 Ba6
9. O-O c5 10. Nxd5 exd5 11. Bxd5 Nxe5 12. Bxa8 Nbc6 13. c3 Qxa8 14. fxe5 Ba5 15.
Be3 cxd4 16. Nxd4 Bxf1 17. Qxf1 Nxd4 18. Bxd4 Qd5 19. Rd1 b5 20. b4 Bc7 21. Bc5
Qe4 22. Bxf8 Kxf8 23. Qg2 Bb6+ 24. Kh1 Qxe5 25. Qa8+ Ke7 26. Qb7+ Bc7 27. Qd5
Qxc3 28. Qc5+ Qxc5 29. bxc5 a5 30. c6 Bd6 31. Rd5 Ke6 32. Rxb5 Bc7 33. Rc5 Kd6
34. Rc2 f5 35. Kg2 g5 36. Kf3 Kd5 37. g4 Ke6 38. Re2+ Kf6 39. Rd2 h5 40. gxf5
Kxf5 41. Rd7 g4+ 1-0

[Event "World Rapid 2023"]
[Site "Samarkand UZB"]
[Date "2023.12.27"]
[EventDate "2023.12.26"]
[Round "9.42"]
[Result "1-0"]
[White "Daniel Dardha"]
[Black "Daniyal Sapenov"]
[WhiteElo "2598"]
[BlackElo "2350"]
[PlyCount "110"]

1. Nf3 d5 2. g3 g6 3. Bg2 Bg7 4. d4 Nf6 5. O-O O-O 6. c4 Nc6 7. Nbd2 dxc4 8.
Nxc4 Be6 9. b3 a5 10. Bb2 Bd5 11. a4 Nb4 12. e3 Re8 13. Qe2 Ne4 14. Rfd1 c6 15.
Nfd2 Nxd2 16. Qxd2 Bxg2 17. Kxg2 e6 18. Kg1 h5 19. Rac1 h4 20. Bc3 Bf8 21. e4
hxg3 22. hxg3 Rc8 23. Kg2 b5 24. Ne3 bxa4 25. bxa4 Rb8 26. Rh1 Bg7 27. Ng4 f5
28. d5 e5 29. Nh6+ Kf8 30. Bxb4+ Rxb4 31. Rxc6 Rxe4 32. Rxg6 Rd4 33. Qa2 Bxh6
34. Rgxh6 Qxd5+ 35. Qxd5 Rxd5 36. Rf6+ Ke7 37. Rxf5 Ke6 38. Rfh5 Rd4 39. Re1 Kd6
40. f4 Rxa4 41. Rexe5 Ra2+ 42. Kh3 Rxe5 43. Rxe5 a4 44. Ra5 Ke6 45. Kg4 Ra3 46.
f5+ Kf7 47. Kf4 Ra1 48. Ra7+ Kf6 49. Ra6+ Kf7 50. Kg5 a3 51. Ra7+ Ke8 52. Kg6 a2
53. Ra8+ Ke7 54. f6+ Ke6 55. Ra6+ Kd5 1-0

[Event "World Rapid 2023"]
[Site "Samarkand UZB"]
[Date "2023.12.27"]
[EventDate "2023.12.26"]
[Round "9.43"]
[Result "1-0"]
[White "Mikhail Kobalia"]
[Black "Ernur Amangeldy"]
[WhiteElo "2542"]
[BlackElo "2134"]
[PlyCount "76"]

1. e4 c5 2. Nf3 d6 3. Bb5+ Bd7 4. Bxd7+ Nxd7 5. O-O e6 6. c3 Be7 7. d4 Ngf6 8.
e5 Nd5 9. c4 N5b6 10. dxc5 Nxc5 11. exd6 Bf6 12. Na3 O-O 13. Be3 Nca4 14. c5
Nxb2 15. Qb3 N6a4 16. Nb5 Rc8 17. Rac1 a6 18. Nc7 Rxc7 19. dxc7 Qxc7 20. Nd2 Rd8
21. Ne4 Be5 22. h3 Qc6 23. Ng5 h6 24. Nf3 Bf6 25. Nh2 h5 26. Nf3 Rd5 27. Rc2 a5
28. Rd2 Rxd2 29. Nxd2 Nxc5 30. Bxc5 Qxc5 31. Ne4 Qd4 32. Nxf6+ Qxf6 33. Rb1 h4
34. Qxb2 Qf5 35. Qxb7 a4 36. Qb5 Qe4 37. Rc1 g6 38. Qc4 1-0

[Event "World Rapid 2023"]
[Site "Samarkand UZB"]
[Date "2023.12.27"]
[EventDate "2023.12.26"]
[Round "9.45"]
[Result "0-1"]
[White "Liam Vrolijk"]
[Black "Shakhriyar Mamedyarov"]
[WhiteElo "2566"]
[BlackElo "2723"]
[PlyCount "94"]

1. d4 Nf6 2. Nf3 g6 3. Nbd2 Bg7 4. e4 O-O 5. e5 Nd5 6. Bc4 Nb6 7. Bb3 d5 8. O-O
Na6 9. Re1 c5 10. c3 Bf5 11. Nf1 Rc8 12. Ng3 Bg4 13. h3 Bxf3 14. Qxf3 cxd4 15.
cxd4 Nb4 16. Bd2 Nc6 17. Bc3 e6 18. Rad1 Na8 19. Nf1 b5 20. Rd3 Nb6 21. Nh2 h5
22. g4 h4 23. Qd1 Nc4 24. Re2 Bh6 25. Nf3 a5 26. a4 bxa4 27. Bxa4 Nb4 28. Bxb4
axb4 29. Kg2 Bf4 30. Qb1 Qe7 31. Rd1 Rc7 32. Bc2 Kg7 33. Bd3 b3 34. Bxc4 Rxc4
35. Qd3 Rb8 36. Ra1 g5 37. Ra3 Qb7 38. Nd2 Rb4 39. Nf3 Rc8 40. Kg1 Qb5 41. Qxb5
Rxb5 42. Kf1 Rc1+ 43. Kg2 Rc2 44. Ng1 Rc1 45. Nf3 Rb4 46. Ra6 Rc2 47. Kf1 Rbc4 0-1

[Event "World Rapid 2023"]
[Site "Samarkand UZB"]
[Date "2023.12.27"]
[EventDate "2023.12.26"]
[Round "9.46"]
[Result "1-0"]
[White "Alexey Sarana"]
[Black "Roman Kezin"]
[WhiteElo "2688"]
[BlackElo "2502"]
[PlyCount "102"]

1. d4 d5 2. c4 e6 3. Nc3 c6 4. e3 Nf6 5. Nf3 Nbd7 6. Qc2 Bd6 7. Be2 O-O 8. O-O
dxc4 9. Bxc4 a6 10. a4 c5 11. Rd1 Qc7 12. h3 cxd4 13. Rxd4 Ne5 14. Be2 Nxf3+ 15.
Bxf3 Bh2+ 16. Kh1 Be5 17. Rh4 Bd7 18. Bd2 Rac8 19. Be1 Rfd8 20. Qb3 Bc6 21. Rc4
Nd5 22. Nxd5 exd5 23. Rcc1 d4 24. Bxc6 bxc6 25. exd4 Bxd4 26. Rab1 c5 27. Qc4
Qc6 28. Rc2 h6 29. a5 Qf6 30. b3 Rb8 31. Rd1 Rb5 32. b4 Re8 33. bxc5 Rxc5 34.
Qa4 Rb5 35. f3 Ba7 36. Bg3 Bb8 37. Bf2 Qe5 38. Bg1 Rxa5 39. Qc6 Qb5 40. Qa8 Bc7
41. Qa7 Bb8 42. Qa8 Bc7 43. Qa7 Bb8 44. Qf2 Qe5 45. Rcc1 Qf6 46. Qc2 Rb5 47. Re1
Rbe5 48. Rxe5 Qxe5 49. Qa4 Qb5 50. Qa2 Bf4 51. Rc5 Qf1 1-0

[Event "World Rapid 2023"]
[Site "Samarkand UZB"]
[Date "2023.12.27"]
[EventDate "2023.12.26"]
[Round "9.47"]
[Result "1-0"]
[White "Iturrizaga Bonelli, Eduardo"]
[Black "Klementy Sychev"]
[WhiteElo "2600"]
[BlackElo "2542"]
[PlyCount "86"]

1. c4 c5 2. Nf3 Nf6 3. Nc3 e6 4. g3 d5 5. cxd5 exd5 6. d4 Nc6 7. Bg2 cxd4 8.
Nxd4 Bc5 9. Nxc6 bxc6 10. Na4 Bb6 11. Qc2 O-O 12. Nxb6 Qxb6 13. O-O Ba6 14. Rd1
Rfe8 15. Bf3 h5 16. Bf4 h4 17. Rac1 Rac8 18. gxh4 Re6 19. Bg3 Rce8 20. e3 Ne4
21. Qb3 Qxb3 22. axb3 Bb5 23. Rc2 R8e7 24. Kg2 Rb7 25. Bg4 Re8 26. h5 a5 27. Rd4
Ra8 28. Rc1 Rb6 29. Bf5 Nf6 30. Rh4 Be2 31. Be5 Nxh5 32. Re1 Re8 33. Bd4 Rb4 34.
Rxe2 g6 35. Bc2 c5 36. Rxh5 gxh5 37. Bxc5 Rg4+ 38. Kf1 Rc8 39. Bd4 Rc6 40. f3
Rg5 41. Bc3 h4 42. Rg2 Rxg2 43. Kxg2 1-0

[Event "World Rapid 2023"]
[Site "Samarkand UZB"]
[Date "2023.12.27"]
[EventDate "2023.12.26"]
[Round "9.48"]
[Result "1-0"]
[White "Shant Sargsyan"]
[Black "Stepan Zilka"]
[WhiteElo "2634"]
[BlackElo "2615"]
[PlyCount "98"]

1. d4 Nf6 2. c4 e6 3. Nf3 d5 4. Nc3 dxc4 5. e4 Bb4 6. Bxc4 Nxe4 7. O-O Nf6 8.
Qa4+ Nc6 9. Rd1 O-O 10. Ne5 Rb8 11. Nxc6 bxc6 12. Qxa7 Bd7 13. Qa4 c5 14. Qc2
Qe7 15. Bg5 Bxc3 16. Qxc3 h6 17. Bh4 g5 18. Bg3 Ne4 19. Qc2 Nxg3 20. hxg3 cxd4
21. Rxd4 c5 22. Rd2 Bc6 23. a4 Rfd8 24. Rxd8+ Qxd8 25. Rd1 Qf6 26. b3 Rd8 27. a5
Rxd1+ 28. Qxd1 Kg7 29. a6 Qe5 30. a7 Qe4 31. Bf1 Qb4 32. Qa1+ f6 33. a8=Q Bxa8
34. Qxa8 Qxb3 35. Qa7+ Kg6 36. Qxc5 f5 37. Qc6 Kf6 38. Qd7 Kg6 39. Qc6 Kf6 40.
Qf3 Qb2 41. g4 Qd4 42. gxf5 exf5 43. Qc6+ Kg7 44. Qe6 Qf6 45. Qd7+ Qf7 46. Qxf7+
Kxf7 47. Be2 Kg6 48. Kh2 h5 49. f4 1-0

[Event "World Rapid 2023"]
[Site "Samarkand UZB"]
[Date "2023.12.27"]
[EventDate "2023.12.26"]
[Round "9.49"]
[Result "1-0"]
[White "Sanan Sjugirov"]
[Black "Ilia Iljiushenok"]
[WhiteElo "2703"]
[BlackElo "2547"]
[PlyCount "70"]

1. Nf3 d5 2. e3 Nf6 3. b3 c6 4. Be2 Bf5 5. Nh4 Bd7 6. Bb2 Qc7 7. Nf3 Bf5 8. c4
e6 9. Nh4 Bg6 10. O-O Nbd7 11. d3 Rd8 12. Nd2 Bd6 13. g3 O-O 14. Rc1 Rfe8 15.
Nxg6 hxg6 16. d4 e5 17. cxd5 Nxd5 18. e4 N5f6 19. d5 Bb4 20. Nf3 Qb6 21. dxc6
Nb8 22. Qc2 Nxc6 23. a3 Bf8 24. b4 a5 25. b5 Nd4 26. Bxd4 exd4 27. Ng5 Rd7 28.
Bc4 Ng4 29. Qb3 Qf6 30. f4 d3 31. e5 Qf5 32. e6 Bc5+ 33. Kh1 fxe6 34. Bxe6+ Rxe6
35. Rxc5 1-0

[Event "World Rapid 2023"]
[Site "Samarkand UZB"]
[Date "2023.12.27"]
[EventDate "2023.12.26"]
[Round "9.50"]
[Result "1-0"]
[White "Aleksey Grebnev"]
[Black "Manuel Petrosyan"]
[WhiteElo "2525"]
[BlackElo "2619"]
[PlyCount "120"]

1. d4 Nf6 2. c4 e6 3. Nc3 Bb4 4. e3 O-O 5. Bd3 c5 6. Ne2 d5 7. cxd5 cxd4 8. exd4
Nxd5 9. O-O Nc6 10. Nxd5 exd5 11. Nf4 Bd6 12. Be3 Bxf4 13. Bxf4 Qf6 14. Qh5 h6
15. Be5 Qg5 16. Qxg5 hxg5 17. Rac1 Be6 18. Rfe1 Rac8 19. f3 Rfd8 20. a3 a6 21.
b4 Nxe5 22. dxe5 d4 23. Kf2 Rc3 24. Rxc3 dxc3 25. Ke3 Bb3 26. Rc1 Rc8 27. Be4
Rc7 28. Kd3 c2 29. Kd2 Rd7+ 30. Kc3 Rd1 31. Kb2 Rxc1 32. Kxc1 b6 33. Bxc2 Bd5
34. Kd2 Kf8 35. Ke3 Ke7 36. Kd4 Bb7 37. Be4 Bc8 38. Bd5 Bd7 39. Bc4 Bc8 40. g3
Bb7 41. Bd5 Bc8 42. f4 gxf4 43. gxf4 f6 44. Bb3 Bb7 45. a4 a5 46. bxa5 bxa5 47.
Kc5 g5 48. fxg5 fxe5 49. h4 Bf3 50. Bd5 e4 51. Kb5 Bg2 52. Kxa5 e3 53. Bc4 Bf3
54. Kb6 e2 55. Bxe2 Bxe2 56. a5 Kd6 57. a6 Bf3 58. a7 Kd7 59. g6 Ke6 60. Kc7 Kd5
1-0

[Event "World Rapid 2023"]
[Site "Samarkand UZB"]
[Date "2023.12.27"]
[EventDate "2023.12.26"]
[Round "9.52"]
[Result "1/2-1/2"]
[White "Nikolay Averin"]
[Black "Aleksey Dreev"]
[WhiteElo "2246"]
[BlackElo "2606"]
[PlyCount "144"]

1. e4 c5 2. Nf3 e6 3. d4 cxd4 4. Nxd4 Nf6 5. Nc3 Nc6 6. Ndb5 Bb4 7. a3 Bxc3+ 8.
Nxc3 d5 9. exd5 exd5 10. Bd3 O-O 11. O-O d4 12. Ne4 Bf5 13. Bg5 Bxe4 14. Bxe4 h6
15. Bxf6 Qxf6 16. Qf3 Qxf3 17. Bxf3 Rac8 18. Rfe1 Rfd8 19. Be4 Kf8 20. Rad1 b5
21. Re2 a6 22. f3 Ne7 23. Rde1 Rc7 24. Kf2 g6 25. g4 Nc8 26. Rd1 Nb6 27. Red2
Nc4 28. Rxd4 Rxd4 29. Rxd4 Nxb2 30. Rd6 Ra7 31. Rc6 Kg7 32. Ke2 Nc4 33. a4 Ne5
34. Rb6 Nd7 35. Rc6 bxa4 36. Rc4 Nb6 37. Rb4 a3 38. Rb1 Na4 39. Rb3 a2 40. Ra3
Nc3+ 41. Kd3 Nxe4 42. fxe4 Kf6 43. Rxa2 Ke5 44. Ke3 a5 45. Ra4 Kd6 46. Kd4 Kc6
47. c4 Kb6 48. Kd5 Rd7+ 49. Ke5 Rc7 50. Kf6 Ra7 51. e5 Kc5 52. h4 Kd4 53. h5
gxh5 54. gxh5 Ra6+ 55. Kxf7 Kxe5 56. Kg7 Kd4 57. Kh7 Ke5 58. Kg7 Kf5 59. c5 Kg5
60. c6 Ra7+ 61. Kf8 Kxh5 62. Ke8 Kg5 63. Kd8 h5 64. c7 Rxc7 65. Kxc7 h4 66.
Rxa5+ Kg4 67. Kd6 h3 68. Ke5 h2 69. Ra1 Kg3 70. Ke4 Kg2 71. Ra2+ Kg3 72. Rxh2
Kxh2 1/2-1/2

[Event "World Rapid 2023"]
[Site "Samarkand UZB"]
[Date "2023.12.27"]
[EventDate "2023.12.26"]
[Round "9.53"]
[Result "0-1"]
[White "Bobir Sattarov"]
[Black "Jinshi Bai"]
[WhiteElo "2353"]
[BlackElo "2585"]
[PlyCount "106"]

1. e4 e5 2. Nf3 Nc6 3. Bb5 a6 4. Ba4 Nf6 5. Bxc6 dxc6 6. d3 Qd6 7. Nbd2 Be6 8.
b3 c5 9. Bb2 Nd7 10. Qe2 f6 11. Nc4 Qe7 12. h4 h5 13. Ne3 Nb8 14. Nd2 Nc6 15. g3
Nd4 16. Qf1 O-O-O 17. O-O-O g6 18. Kb1 Bh6 19. Re1 Rhf8 20. f4 Qd7 21. Rh2 f5
22. exf5 gxf5 23. Nec4 exf4 24. gxf4 Rg8 25. Bxd4 Qxd4 26. Nf3 Qf6 27. Ng5 Bxc4
28. dxc4 Bg7 29. Re5 Rd4 30. Rhe2 Qd8 31. Re1 Bxe5 32. fxe5 Rxh4 33. Ne6 Qd2 34.
Rd1 Qe3 35. Qxf5 Kb8 36. Qf7 Rc8 37. Qe7 Rg4 38. Nxc5 Rg1 39. Rxg1 Qxg1+ 40. Kb2
Qd4+ 41. c3 Qd2+ 42. Ka3 Qc1+ 43. Kb4 a5+ 44. Ka4 Qxc3 45. a3 Qf3 46. Nd7+ Ka8
47. e6 h4 48. Ne5 Qe4 49. Qd7 Kb8 50. Qg7 h3 51. Qg5 b6 52. e7 h2 53. Qg4 Qxg4 0-1

[Event "World Rapid 2023"]
[Site "Samarkand UZB"]
[Date "2023.12.27"]
[EventDate "2023.12.26"]
[Round "9.54"]
[Result "1-0"]
[White "Aryan Tari"]
[Black "Kazybek Nogerbek"]
[WhiteElo "2623"]
[BlackElo "2483"]
[PlyCount "96"]

1. e4 e5 2. Nf3 Nc6 3. Bb5 a6 4. Ba4 Nf6 5. Nc3 b5 6. Bb3 Bc5 7. a4 b4 8. Nd5
O-O 9. O-O h6 10. c3 bxc3 11. bxc3 Nxe4 12. d4 exd4 13. cxd4 Bd6 14. Qd3 Nf6 15.
Bc2 g6 16. Nxf6+ Qxf6 17. Bxh6 Re8 18. Bb3 Nb4 19. Qd2 Bb7 20. Ne5 Bd5 21. Ra3
Bxb3 22. Rxb3 Nd5 23. Rf3 Bxe5 24. Rxf6 Bxf6 25. Qd3 Re6 26. Rb1 Rae8 27. g3 Re4
28. Qxa6 Bxd4 29. Rf1 c5 30. Qb7 Nf6 31. Be3 Bxe3 32. fxe3 Ng4 33. a5 R4e7 34.
Qb6 d5 35. Qxc5 Re6 36. Ra1 Ra6 37. Qxd5 Nf6 38. Qb5 Rea8 39. Ra4 Ne8 40. h4 Nd6
41. Qg5 Re8 42. h5 Re6 43. Rb4 Ne4 44. Qd8+ Kg7 45. Rb8 Kh6 46. Rb5 Nf6 47. Qf8+
Kh7 48. Qxf7+ 1-0

[Event "World Rapid 2023"]
[Site "Samarkand UZB"]
[Date "2023.12.27"]
[EventDate "2023.12.26"]
[Round "9.55"]
[Result "0-1"]
[White "Jakub Seemann"]
[Black "Levan Pantsulaia"]
[WhiteElo "2441"]
[BlackElo "2561"]
[PlyCount "80"]

1. e4 c5 2. Nf3 e6 3. d4 cxd4 4. Nxd4 a6 5. Bd3 Nf6 6. O-O e5 7. Nb3 Nc6 8. c4
a5 9. Bg5 h6 10. Bh4 a4 11. Nc1 Bc5 12. Nc3 a3 13. bxa3 Bxa3 14. Nb5 Bc5 15. Nb3
d6 16. Nxc5 dxc5 17. f4 Be6 18. Qe2 g5 19. fxg5 Ng4 20. Bf2 Nxf2 21. Qxf2 b6 22.
g6 fxg6 23. Qg3 Rg8 24. Rad1 Qe7 25. Bb1 Rd8 26. Rd5 Qg5 27. Qf3 Ke7 28. Rxd8
Rxd8 29. Qf2 Rd2 30. Qf3 Bxc4 31. h4 Qf4 32. Nc3 Bxf1 33. Nd5+ Rxd5 34. Qxf4
exf4 35. exd5 Nd4 36. Kxf1 Nf5 37. h5 Ne3+ 38. Kf2 g5 39. Kf3 Nxd5 40. Ke4 Nc3+ 0-1

[Event "World Rapid 2023"]
[Site "Samarkand UZB"]
[Date "2023.12.27"]
[EventDate "2023.12.26"]
[Round "9.56"]
[Result "1-0"]
[White "Mukhammadali Abdurakhmonov"]
[Black "Zhamsaran Tsydypov"]
[WhiteElo "2409"]
[BlackElo "2530"]
[PlyCount "78"]

1. d4 Nf6 2. Bg5 c5 3. d5 g6 4. Bxf6 exf6 5. Nc3 Bg7 6. e4 O-O 7. Bd3 f5 8. exf5
Qg5 9. Qf3 d6 10. Nge2 Nd7 11. Qg3 Qxg3 12. Nxg3 Re8+ 13. Be2 Nb6 14. fxg6 Bxc3+
15. bxc3 hxg6 16. O-O-O Bd7 17. c4 Na4 18. Kd2 a6 19. Rb1 Rab8 20. Bd3 f5 21. h4
b5 22. h5 Kg7 23. hxg6 Kxg6 24. Ne2 Nb6 25. Nf4+ Kg5 26. g3 bxc4 27. Rh5+ Kf6
28. Rh6+ Kf7 29. Rxd6 cxd3 30. Rbxb6 Rxb6 31. Rxb6 dxc2 32. Rxa6 Re1 33. Kxc2
Rf1 34. Nd3 Bb5 35. Ne5+ Ke8 36. Re6+ Kd8 37. f4 Rf2+ 38. Kb3 Rg2 39. Rg6 1-0

[Event "World Rapid 2023"]
[Site "Samarkand UZB"]
[Date "2023.12.27"]
[EventDate "2023.12.26"]
[Round "9.57"]
[Result "1/2-1/2"]
[White "Vladislav Kovalev"]
[Black "Artem Uskov"]
[WhiteElo "2582"]
[BlackElo "2392"]
[PlyCount "42"]

1. e4 c5 2. Nf3 e6 3. c3 Nf6 4. e5 Nd5 5. d4 cxd4 6. cxd4 Nc6 7. Bc4 d6 8. O-O
Be7 9. Qe2 O-O 10. Rd1 Qc7 11. Bxd5 exd5 12. Nc3 Be6 13. Nb5 Qd7 14. Bf4 dxe5
15. Nxe5 Nxe5 16. dxe5 Bc5 17. Nd4 Bxd4 18. Rxd4 Rac8 19. Rad1 Qc6 20. h4 Qc2
21. Qxc2 Rxc2 1/2-1/2